| Tag |
First Indicator |
Second Indicator |
Subfields |
| LEADER |
00000pam a2200000 i 4500 |
| 001 |
in00000667421 |
| 005 |
20160106094414.0 |
| 008 |
790327s1980 nyua b 00110 eng |
| 010 |
|
|
|a 79012375
|
| 020 |
|
|
|a 0387093737 (USA)
|
| 020 |
|
|
|a 3540093737 (Berlin)
|
| 035 |
|
|
|a (OCoLC)04857856
|
| 035 |
|
|
|9 ACX6651AM
|
| 040 |
|
|
|a DLC
|c DLC
|d TXA
|d UtOrBLW
|
| 049 |
|
|
|a TXAM
|c [1192689]
|
| 050 |
0 |
0 |
|a QH527
|b .W55
|
| 082 |
0 |
|
|a 574.1
|
| 100 |
1 |
|
|a Winfree, Arthur T.
|
| 245 |
1 |
4 |
|a The geometry of biological time /
|c Arthur T. Winfree.
|
| 264 |
|
1 |
|a New York :
|b Springer Verlag,
|c [1980]
|
| 264 |
|
4 |
|c ©1980
|
| 300 |
|
|
|a xiii, 530 pages :
|b illustrations ;
|c 25 cm.
|
| 336 |
|
|
|a text
|b txt
|2 rdacontent
|
| 337 |
|
|
|a unmediated
|b n
|2 rdamedia
|
| 338 |
|
|
|a volume
|b nc
|2 rdacarrier
|
| 490 |
1 |
|
|a Biomathematics ;
|v 8
|
| 500 |
|
|
|a Includes indexes.
|
| 504 |
|
|
|a Bibliography: pages [459]-507.
|
| 650 |
|
0 |
|a Biological rhythms
|x Mathematics.
|
| 830 |
|
0 |
|a Biomathematics
|v v. 8.
|
| 999 |
|
|
|a MARS
|
| 999 |
f |
f |
|s 6a0ebef8-e443-3183-ad5b-63acadafb20a
|i 1ee03f00-8ab9-3b37-8293-33b64ecde962
|t 0
|
| 952 |
f |
f |
|p ric
|a Texas A&M University
|b Rellis Campus
|c Joint Library Facility
|d Remote Storage
|t 0
|e QH527 .W55
|h Library of Congress classification
|i unmediated -- volume
|m A14804856450
|
| 998 |
f |
f |
|a QH527 .W55
|t 0
|l Remote Storage
|